Tiếng Việt trong thư tịch cổ Việt Nam

Tập hợp những từ ngữ có mang một nội dung văn hoá, một sắc thái tu từ nhất định, thông dụng trong các áng văn thời trước như: điẻn cố, tục ngữ, thành ngữ...

সংরক্ষণ করুন:
গ্রন্থ-পঞ্জীর বিবরন
প্রধান লেখক: Nguyễn, Thạch Giang
বিন্যাস: গ্রন্থ
ভাষা:Undetermined
প্রকাশিত: Hà Nội Văn hóa Thông tin 2010
বিষয়গুলি:
ট্যাগগুলো: ট্যাগ যুক্ত করুন
কোনো ট্যাগ নেই, প্রথমজন হিসাবে ট্যাগ করুন!
Thư viện lưu trữ: Trung tâm Học liệu Trường Đại học Cần Thơ
LEADER 00839nam a2200193Ia 4500
001 CTU_172217
008 210402s9999 xx 000 0 und d
082 |a 495.922 
082 |b Gi106/T.2-Q.2 
100 |a Nguyễn, Thạch Giang 
245 0 |a Tiếng Việt trong thư tịch cổ Việt Nam 
245 0 |c Nguyễn Thạch Giang 
260 |a Hà Nội 
260 |b Văn hóa Thông tin 
260 |c 2010 
520 |a Tập hợp những từ ngữ có mang một nội dung văn hoá, một sắc thái tu từ nhất định, thông dụng trong các áng văn thời trước như: điẻn cố, tục ngữ, thành ngữ... 
650 |a Vietnamese laguage,Tiếng Việt 
904 |i Trọng Hải 
980 |a Trung tâm Học liệu Trường Đại học Cần Thơ